Friends of friends: networks, manipulators and coalitions
| Main Author: | |
|---|---|
| Format: | Print Book |
| Language: | English German |
| Published: |
Oxford
Blackwell
1974
|
| In: | Year: 1974 |
| Online Access: |
Table of Contents |
| Availability in Tübingen: | Present in Tübingen. UB: KB 7 A 798 |
| Check availability: | HBZ Gateway |
| Subito Delivery Service: | Order now. |
| Keywords: |
MARC
| LEADER | 00000cam a2200000 c 4500 | ||
|---|---|---|---|
| 001 | 248491105 | ||
| 003 | DE-627 | ||
| 005 | 20260206194426.0 | ||
| 007 | tu | ||
| 008 | 980907s1974 xxk||||| 00| ||eng c | ||
| 020 | |a 0631149708 |c Cloth bound edition |9 0-631-14970-8 | ||
| 020 | |a 0631149805 |c Paper bound edition |9 0-631-14980-5 | ||
| 035 | |a (DE-627)248491105 | ||
| 035 | |a (DE-603)093322402 | ||
| 035 | |a (DE-576)007928785 | ||
| 035 | |a (DE-599)GBV248491105 | ||
| 035 | |a (OCoLC)245646146 | ||
| 035 | |a (OCoLC)00934930 | ||
| 035 | |a (OCoLC)185379912 | ||
| 035 | |a (DE-604)8019569572 | ||
| 040 | |a DE-627 |b ger |c DE-627 |e rakwb | ||
| 041 | |a eng |a ger | ||
| 044 | |c XA-GB | ||
| 082 | 0 | |a 301.11 | |
| 084 | |a MR 5900 |2 rvk |0 (DE-625)rvk/123525: | ||
| 084 | |a MR 6600 |2 rvk |0 (DE-625)rvk/123534: | ||
| 084 | |a MS 1030 |2 rvk |0 (DE-625)rvk/123546: | ||
| 100 | 1 | |a Boissevain, Jeremy |d 1928-2015 |0 (DE-588)119216108 |0 (DE-627)080014488 |0 (DE-576)16035532X |4 aut | |
| 109 | |a Boissevain, Jeremy 1928-2015 |a Boissevain, Jeremy F. 1928-2015 |a Boissevain, Jeremy Fergus 1928-2015 | ||
| 245 | 1 | 0 | |a Friends of friends |b networks, manipulators and coalitions |c Jeremy Boissevain |
| 264 | 1 | |a Oxford |b Blackwell |c 1974 | |
| 300 | |a XV, 285 S. |b graph. Darst. |c 22 cm | ||
| 336 | |a Text |b txt |2 rdacontent | ||
| 337 | |a ohne Hilfsmittel zu benutzen |b n |2 rdamedia | ||
| 338 | |a Band |b nc |2 rdacarrier | ||
| 490 | 0 | |a Pavilion series | |
| 500 | |a Literaturverzeichnis Seite 253-265 | ||
| 583 | 1 | |a Archivierung prüfen |c 20240324 |f DE-4165 |z 2 |2 pdager | |
| 650 | 0 | 7 | |0 (DE-588)4075298-7 |0 (DE-627)106086782 |0 (DE-576)209197161 |a Netzwerkanalyse |2 gnd |
| 650 | 0 | 7 | |0 (DE-588)4075297-5 |0 (DE-627)106086790 |0 (DE-576)209197153 |a Netzplantechnik |2 gnd |
| 650 | 0 | 7 | |0 (DE-588)4027266-7 |0 (DE-627)106285335 |0 (DE-576)208970134 |a Interaktion |2 gnd |
| 689 | 0 | 0 | |d s |0 (DE-588)4075297-5 |0 (DE-627)106086790 |0 (DE-576)209197153 |a Netzplantechnik |2 gnd |
| 689 | 0 | 1 | |d s |0 (DE-588)4027266-7 |0 (DE-627)106285335 |0 (DE-576)208970134 |a Interaktion |2 gnd |
| 689 | 0 | |5 (DE-627) | |
| 689 | 1 | 0 | |d s |0 (DE-588)4027266-7 |0 (DE-627)106285335 |0 (DE-576)208970134 |a Interaktion |2 gnd |
| 689 | 1 | 1 | |d s |0 (DE-588)4075298-7 |0 (DE-627)106086782 |0 (DE-576)209197161 |a Netzwerkanalyse |2 gnd |
| 689 | 1 | |5 (DE-627) | |
| 856 | 4 | 2 | |u http://scans.hebis.de/HEBCGI/show.pl?09332240_toc.pdf |m V:DE-605;X:Imageware |q application/pdf |3 Inhaltsverzeichnis |7 1 |
| 935 | |i Blocktest | ||
| 936 | r | v | |a MR 5900 |b Netzwerkanalyse <Soziologie> |k Soziologie |k Sozialwissenschaftliche Theorien und Methoden |k Jüngere soziologische Theorie |k Netzwerkanalyse <Soziologie> |0 (DE-627)1355033209 |0 (DE-625)rvk/123525: |0 (DE-576)285033204 |
| 936 | r | v | |a MR 6600 |b Theorie der sozialen Interaktion, Kommunikation, Konformität |k Soziologie |k Sozialwissenschaftliche Theorien und Methoden |k Psychologische Ansätze |k Theorie der sozialen Interaktion, Kommunikation, Konformität |0 (DE-627)1271294419 |0 (DE-625)rvk/123534: |0 (DE-576)201294419 |
| 936 | r | v | |a MS 1030 |b Gruppenformen (konkret; analytisch) |k Soziologie |k Spezielle Soziologien |k Kleingruppen |k Gruppenformen (konkret; analytisch) |0 (DE-627)1271440105 |0 (DE-625)rvk/123546: |0 (DE-576)201440105 |
| 936 | s | n | |a m200 |2 mzub |
| 951 | |a BO | ||
| ELC | |b 1 | ||
| LOK | |0 000 xxxxxcx a22 zn 4500 | ||
| LOK | |0 001 3157346938 | ||
| LOK | |0 003 DE-627 | ||
| LOK | |0 004 248491105 | ||
| LOK | |0 005 20040827000000 | ||
| LOK | |0 008 910621||||||||||||||||ger||||||| | ||
| LOK | |0 040 |a DE-21 |c DE-627 |d DE-21 | ||
| LOK | |0 852 |a DE-21 | ||
| LOK | |0 852 1 |c KB 7 A 798 |9 00 | ||
| LOK | |0 935 |a krim | ||
| LOK | |0 936ln |a k7.3.3.2 | ||
| LOK | |0 939 |a 21-06-91 |b l01 | ||
| ORI | |a SA-MARC-krimdoka001.raw | ||
| SIG | |a UB: KB 7 A 798 | ||
